00919cam a2200277 a 450000100090000000300040000900500170001300800410003001000170007102000180008803800120010604000130011805000200013108200150015110000400016624501380020625000120034426000490035630000370040549000520044250400660049456300140056065000290057470000190060370000190062216707166OSt20250930113437.0110325s2010 njua b 001 0 eng  a 2011288031 a9788177583670 akhadija aDLCcDLC00aQ335b.R86 2010 a006.3bRUS1 aRussell, Stuart q(Stuart Jonathan)10aArtificial Intelligence :bA Modern Approach /cStuart J. Russell and Peter Norvig ; contributing writers, Ernest Davis ... [et al.]. a2nd ed. aUpper Saddle River :bPrentice Hall,cc2010. axviii, 1132 p. :bill. ;c26 cm.0 aPrentice Hall series in artificial intelligence aIncludes bibliographical references (p. 1063-1093) and index. apaperback 0aArtificial intelligence.1 aNorvig, Peter.1 aDavis, Ernest.